000
00211nam a22000977a 4500
082
_a
894.812.3
_b
KID/S
100
_a
KIDANGOOR, SUDHEER
245
_a
MADHYANATHINTE VERUKAL
650
_a
MALAYALAM STORY
942
_c
BK
999
_c
7711
_d
7711